R v Agricultural Dwelling-House Advisory Committee for Bedfordshire, Cambridgeshire and Northamptonshire, ex parte Brough (Record no. 4228)

MARC details
000 -LEADER
fixed length control field 01582cab a2200193 4500
001 - CONTROL NUMBER
control field ABS37843
008 - FIXED-LENGTH DATA ELEMENTS--GENERAL INFORMATION
fixed length control field 090401t1987 xxu||||| |||| 00| 0 eng d
035 ## - SYSTEM CONTROL NUMBER
System control number (Sirsi) u7085
041 ## - LANGUAGE CODE
Language code of text/sound track or separate title eng
245 ## - TITLE STATEMENT
Title R v Agricultural Dwelling-House Advisory Committee for Bedfordshire, Cambridgeshire and Northamptonshire, ex parte Brough
260 ## - PUBLICATION, DISTRIBUTION, ETC.
Date of publication, distribution, etc. 1987
350 ## - PRICE (NR) (BK AM CF MU VM SE) [OBSOLETE]
Price 0
490 ## - SERIES STATEMENT
Series statement Estates Gazette
Volume/sequential designation 282(6339) 20 June 1987, 1542-1546(3)
520 ## - SUMMARY, ETC.
Summary, etc. QBD 19 November 1986. Application for judicial review, challenging the proceedings of an agricultural dwelling-house committee established under Rent (Agriculture) Act 1976 s29 , which turned down an application for vacant possession of a cottage occupied by the respondent. The applicant was the owner of forestry land and the respondent had been in his employ as a forester and occupied a cottage in that capacity. He had been (unfairly) dismissed and given notice to quit , becoming a statutory tenant under the 1976 Act. The applicant had sought possession of the cottage for his replacement. However, there were irregularities during the proceedings, each party being heard in the absence of the other and the respondent had made allegations of bad faith against the applicant which the latter had no opportunity to refute. In addition, the Committee`s report failed to state adequately why they rejected the application, although required to give reasons under s28(6) of the 1976 Act. Held, a
650 ## - SUBJECT ADDED ENTRY--TOPICAL TERM
Topical term or geographic name entry element TIED COTTAGES
690 ## - LOCAL SUBJECT ADDED ENTRY--TOPICAL TERM (OCLC, RLIN)
Topical term or geographic name as entry element LANDLORD AND TENANT-CASE LAW-AGRICULTURAL TENANCIES
942 ## - ADDED ENTRY ELEMENTS (KOHA)
Suppress in OPAC 0
948 ## - LOCAL PROCESSING INFORMATION (OCLC); SERIES PART DESIGNATOR (RLIN)
c (OCLC) 04/03/1997
Holdings
Withdrawn status Lost status Source of classification or shelving scheme Damaged status Not for loan Home library Current library Shelving location Date acquired Total Checkouts Full call number Barcode Date last seen Copy number Price effective from Koha item type
    Dewey Decimal Classification     London London Journal article 14/09/1999   ABS37843 7085-1001 06/08/2019 1 06/08/2019 Law report